000 01100nam0a22002651 4500
001 rc\3288106
005 20250609204321.0
021 _aRU
_b[76-28826]
035 _a(NLR Aleph) 007495275
090 _a7647112
_c7647112
100 _a20130115g19741975|||y0rusy50 ca
101 0 _arus
102 _aRU
105 _aa z |||||
200 1 _aТехническое нормирование
_eУчеб. пособие для студентов эксплуатац. специальности ин-тов водного транспорта
_fЭ.А. Зинь
_gНовосиб. ин-т инженеров водного транспорта
210 _aНовосибирск
_cБ. и.
_d1974 (вып. дан. 1975)
215 _a125 с.
_cил.
_d22
320 _aСписок лит.: с. 121-123 (48 назв.)
606 _aВодный транспорт
_xТехническое нормирование
_2psbo
700 1 _aЗинь
_bЭ.А.
_gЭдуард Анатольевич
801 0 _aRU
_bNLR
_gpsbo
801 1 _aRU
_bELAR
_2rusmarc
852 _aNLR
_j76-5/3287
942 _cBOOK
980 _aNB